000 00316nam a2200121Ia 4500
008 190216s9999||||xx |||||||||||||| ||und||
100 _aEmile Logauis
245 2 _aA Short History Of English Literature
260 _bThe English Language Books
_c1934
300 _a404p
650 _aEnglish Literature
942 _cBK
999 _c11577
_d11577